02291cam a22005174a 4500001000900000003000900009005001700018006001900035007001500054008004100069010001700110020001800127020001500145020003900160020001500199035002100214040002300235041001800258043001200276050002400288082001700312100004600329240005300375245016100428264004100589264001900630300003500649490003800684504006600722506005000788520023500838588004701073651004401120651005301164651005701217600007401274655003001348700002501378710003101403830003801434856005801472945004901530945004701579999001701626952013001643muse3651MdBmJHUP20210127150856.0m o d cr||||||||nn|n071128s2008 pau o 00 0 eng d z 2007048626 a9780271021782 a0271021780 z9780271033969 (cloth : alk. paper) z0271033967 a(OCoLC)780538779 aMdBmJHUPcMdBmJHUP1 aengafrmhfrm ae-fr---04aDC101.A2bP513 20080 a944/.0262220 aChristine,cde Pisan,dca. 1364-ca. 1431.10aLivre de paix.lEnglish & French (Middle French)14aThe Book of PeacebBy Christine de Pizan /cby Christine de Pizan ; edited, translated, and with an introduction and commentary by Karen Green ... [et al.]. 1bPennsylvania State University Press, 3bProject MUSE,  a1 online resource (xi, 347 p.)0 aPenn State Romance studies series aIncludes bibliographical references (p. [329]-339) and index.0 aOpen AccessfUnrestricted online access2star a"An English translation of The Book of Peace, written between 1412 and 1414 by Christine de Pizan, one of the earliest known women authors. Translated material is side by side with the original French text"--Provided by publisher. aDescription based on print version record. 0aFrancexHistoryy15th centuryvSources. 0aFrancexHistoryyCharles VI, 1380-1422vSources. 0aFrancexPolitics and governmenty1328-1589vSources.01aChristine,cde Pisan,dca. 1364-ca. 1431xPolitical and social views. 7aElectronic books. 2local1 aGreen, Karen,d1951-2 aProject Muse.edistributor 0aBook collections on Project MUSE.40zFull text available: uhttps://muse.jhu.edu/book/292/ aProject MUSE - Archive Literature Foundation aProject MUSE - Archive Complete Foundation c23801d23801 00102lcc4070aDLbDLcOAd2021-01-27l0oDC101.A2 P513 2008r2021-01-27uhttps://muse.jhu.edu/book/292/w2021-01-27yEBOOK